Cristiano Ronaldo ou Lionel Messi ? - Statistiques

Statistiques générales
  • Ce quiz a été pris 229 fois
  • Le résultat moyen est 9 sur 15
Statistiques - réponses
Question Réponse % Correct
Qui a gagné le plus de LDC Ronaldo
94%
Qui est resté le plus longtemps dans le même club ? Messi
93%
Qui a le record de passe décisive ? Messi
90%
Qui a gagné le plus de liga ? Messi
85%
Qui a le plus d'enfants ? Ronaldo
80%
Qui a mis un but avec son pénis ? Ronaldo
70%
Qui a marqué avec sa main (triche) ? Messi
67%
Qui a fait une coupe de cheveux pour soutenir un pauvre enfant malade alité à l'hôpital ? Ronaldo
57%
Qui a pris deux fois sa retraite internationale ? Messi
53%
Qui a un bilan positif en terme de matchs joués / buts marqués dans un club ? Ronaldo
52%
Qui soutient Israel ? Messi
41%
Qui a étranglé Yanga Mbiwa (pour sa couleur de peau) ? Messi
40%
Qui est sorti avec une fille de 14 ans quand il en avait 18 ? Messi
30%
Qui n'a perdu aucune finale en sélection ? Aucun des deux
28%
Qui a la plus grosse michto ? Les deux
18%
Aucun quiz correspondant
Distribution des résultats
% des personnes avec chaque résultat
Percentile par nombre de réponses
Votre historique - résultats
Vous n’avez pas pris ce quiz